| 000 | 00000nas 2200000za 4500 |
| 001 | 9.502512 |
| 003 | CaOODSP |
| 005 | 20200325102221 |
| 007 | cr ||||||||||| |
| 008 | 150406d19981998xxc|| m o||||f| |0fre|d |
| 040 | |aCaOODSP|bfre |
| 043 | |an-cn--- |
| 086 | 1 |aBT31-2/1998-IIIF-PDF |
| 110 | 1 |aCanada. |bConseil du trésor. |
| 245 | 10|aBudget des dépenses 1997-1998. Partie III, Plan de dépenses |h[ressource électronique] |
| 260 | |aOttawa - Ontario : |bSecrétariat du Conseil du Trésor du Canada |cc1998. |
| 691 | 07|aPrévisions budgétaires|2gcpds |
| 775 | 08|t1997-98 estimates. Part III, Expenditure plan |w(CaOODSP)9.506109 |
| 776 | 0#|t1997-98 estimates, part III: Expenditure plan |w(CaOODSP)9.508958 |
| 776 | 0#|tBudget des dépenses 1997-1998, partie III: Plan de dépenses |w(CaOODSP)9.508959 |